Nápojáři jdou na koleje
Dominancia kamiónovej dopravy v preprave nákladov v Českej republike ako aj vo väčšine európskych krajín. Rast významu využívania železničnej dopravy. Využívanie železničnej dopravy na prepravu spotrebného tovaru. Preprava nealkoholických nápojov spoločnosti Pepsi Co z českého výrobného závodu do Ma...
Salvato in:
| Autore principale: | |
|---|---|
| Natura: | Capitolo di libro |
| Lingua: | ceco |
| Soggetti: | |
| Tags: |
Nessun Tag, puoi essere il primo ad aggiungerne!!
|
MARC
| LEADER | 00000naa a2200000 4500 | ||
|---|---|---|---|
| 001 | 0248158 | ||
| 005 | 20181009125424.5 | ||
| 041 | 0 | |a cze | |
| 044 | |a CZ | ||
| 245 | 1 | 0 | |a Nápojáři jdou na koleje |c Radek Novotný |
| 520 | |a Dominancia kamiónovej dopravy v preprave nákladov v Českej republike ako aj vo väčšine európskych krajín. Rast významu využívania železničnej dopravy. Využívanie železničnej dopravy na prepravu spotrebného tovaru. Preprava nealkoholických nápojov spoločnosti Pepsi Co z českého výrobného závodu do Maďarska. Minerálky z Kyselky na Moravu a do Prahy. Faktory, ktoré zvýhodňujú železničnú dopravu pred cestnou dopravou. | ||
| 610 | 2 | 0 | |a doprava železničná nákladná |
| 610 | 2 | 0 | |a tovar spotrebný |
| 610 | 2 | 0 | |a nápoje nealkoholické |
| 610 | 2 | 0 | |a voda minerálna |
| 610 | 2 | 0 | |a pivo |
| 610 | 2 | 0 | |a ekológia |
| 100 | 1 | |a Novotný, Radek | |